header

Tenure security for Indonesia's urban poor (Record no. 245621)

MARC details
000 -LEADER
fixed length control field 01566nam a2200313 a 4500
100 1# - MAIN ENTRY--AUTHOR NAME
Personal name Reerink, Gustaaf Olivier.
245 10 - TITLE STATEMENT
Title Tenure security for Indonesia's urban poor
260 ## - PUBLICATION, DISTRIBUTION, ETC. (IMPRINT)
Place of publication Leiden [The Netherlands] :
Name of publisher Leiden University Press,
Year of publication 2011.
300 ## - PHYSICAL DESCRIPTION
Number of Pages xv, 279 p. :
Other physical details map.
650 #0 - SUBJECT ADDED ENTRY--TOPICAL TERM
Topical Term Land tenure
Topical Term Urban poor
856 40 - ELECTRONIC LOCATION AND ACCESS
Uniform Resource Identifier http://site.ebrary.com/lib/rucke/Doc?id=10537746

No items available.

© 2026 Rongo University
Contact us: librarian | system librarian | Rongo university